<?xml version="1.0" encoding="UTF-8"?>
<marc:record xmlns:marc="http://www.loc.gov/MARC21/slim">
   <marc:leader>00000nam a2200000 a 4500</marc:leader>
   <marc:datafield ind1="1" ind2=" " tag="100">
      <marc:subfield code="a">Klitzing, Maren von</marc:subfield>
      <marc:subfield code="4">ctb</marc:subfield>
      <marc:subfield code="e">Mitwirkende/-r</marc:subfield>
   </marc:datafield>
   <marc:datafield ind1="1" ind2=" " tag="100">
      <marc:subfield code="a">Frankenstein-Börlin, Tina</marc:subfield>
      <marc:subfield code="4">ctb</marc:subfield>
      <marc:subfield code="e">Mitwirkende/-r</marc:subfield>
   </marc:datafield>
   <marc:datafield ind1="0" ind2="0" tag="245">
      <marc:subfield code="a">Entdecke die Welt mit Polo Propeller</marc:subfield>
   </marc:datafield>
   <marc:datafield ind1=" " ind2="1" tag="264">
      <marc:subfield code="a">Hamburg</marc:subfield>
      <marc:subfield code="b">Oetinger</marc:subfield>
      <marc:subfield code="c">2011</marc:subfield>
   </marc:datafield>
   <marc:datafield ind1="1" ind2=" " tag="520">
      <marc:subfield code="a">Angaben aus der Verlagsmeldung

Entdecke die Welt mit Polo Propeller - Der Bauernhof / von Maren von Klitzing

Schöner als Urlaub auf dem Bauernhof! Mit Polo aufs Land. Polo Propeller erkundet auf dem Bauernhof die Ställe und Felder. Er lernt viele Tiere kennen, erfährt, wie gesät und geerntet wird und wie die Produkte des Bauernhofs weiterverarbeitet werden. Mit den vielen Ziehfolien bringen die Kinder Bewegung in die Bilder: Das Feld wird gepflügt, ein Küken entwickelt sich im Ei, der Schäferhund treibt die Schafe zusammen, Milch wird in der Fabrik in Flaschen gefüllt und der Wabenkasten aus dem Bienenkorb gezogen. Alles über: Nutztiere und -pflanzen, Säen, Ernten und die Arbeit der Bauern. Mit Ziehfolien und Drehscheibe auf dem Cover.
</marc:subfield>
   </marc:datafield>
   <marc:datafield ind1=" " ind2=" " tag="020">
      <marc:subfield code="a">9783789184796</marc:subfield>
      <marc:subfield code="9">9783789184796</marc:subfield>
   </marc:datafield>
   <marc:datafield ind1=" " ind2=" " tag="041">
      <marc:subfield code="a">ger</marc:subfield>
   </marc:datafield>
   <marc:datafield ind1=" " ind2=" " tag="300">
      <marc:subfield code="a">22] S.</marc:subfield>
   </marc:datafield>
</marc:record>
